00363nam a2200121Ia 4500008004000000020001800040082001700058100002500075245004000100260004100140300000800181650005200189210210b1992 xxu||||| |||| 00| 0 eng d a81 7024 492 7 a361.954 SHAS aSHANKAR (Jogan), Ed. aSocial problems & welfare in India. aDelhibAshish publishing housec1992 a387 aIndian social problems Social welfare in India